000
00268nam a22001217a 4500
082
_a
621.3815287 THY'D
100
_a
D. A. T. A. BOOK
_9
75814
245
_a
THYRISTOR
250
_a
15TH
260
_a
CALIFORNIA
_b
D. A. T. A. INC
_c
1981
300
_a
366P
942
_c
BK
999
_c
581224
_d
581224